Statistics for what countries are mid#2

Click here to take the quiz!

General Stats

  • This quiz has been taken 6 times
  • The average score is 5 of 15

Answer Stats

HintAnswer% Correct
black people live thereniger
75%
place where usa lostvietnam
75%
is mega gayfrance
50%
asiancambodia
25%
evilcanada
25%
has funny nameDjibouti
25%
fatjohn goodman
25%
fillerkyle
25%
fillerkyle
25%
fillerkyle
25%
fillerkyle
25%
aisanlaos
25%
gaysweden
25%
aisanthailand
25%
is a place in africaAustralia
0%

Score Distribution

Percentile by Number Answered

Percent of People with Each Score

Your Score History

You have not taken this quiz